000 00573nam a2200205Ia 4500
008 191130s2008##################000#0#eng##
020 _a9780713999198
040 _aACL
_cACL
082 _a338.9 SAC
100 _aSachs, Jeffrey D
245 _aCommon wealth: economics for a crowded planet
_cJeffrey D .Sachs
260 _aLondon
_c2008
300 _axiii, 386p. : maps. ;24cm
500 _aIncludes index
650 _aEconomic policy
650 _aSustainable development
990 _a86f0c15fac10000c4ca0a94200b27104
991 _a198555
999 _c133827
_d133827